Analytical chemistry in a GMP environment: (Record no. 1962)

MARC details
000 -LEADER
fixed length control field 00595nam a22002057a 4500
003 - CONTROL NUMBER IDENTIFIER
control field OSt
005 - DATE AND TIME OF LATEST TRANSACTION
control field 20150602150230.0
008 - FIXED-LENGTH DATA ELEMENTS--GENERAL INFORMATION
fixed length control field 150602b xxu||||| |||| 00| 0 eng d
020 ## - INTERNATIONAL STANDARD BOOK NUMBER
International Standard Book Number 0471314315
040 ## - CATALOGING SOURCE
Transcribing agency DDC
082 ## - DEWEY DECIMAL CLASSIFICATION NUMBER
Classification number QV 778 A11J 2000
100 ## - MAIN ENTRY--PERSONAL NAME
Personal name Editor Miller, James
9 (RLIN) 5156
245 ## - TITLE STATEMENT
Title Analytical chemistry in a GMP environment:
Remainder of title a practical guide
260 ## - PUBLICATION, DISTRIBUTION, ETC. (IMPRINT)
Place of publication, distribution, etc. New york;
Name of publisher, distributor, etc. John Wiley
Date of publication, distribution, etc. 2000
300 ## - PHYSICAL DESCRIPTION
Extent xxiv,488p;
Other physical details ill:
Dimensions 24cm
504 ## - BIBLIOGRAPHY, ETC. NOTE
Bibliography, etc References, & index included
650 ## - SUBJECT ADDED ENTRY--TOPICAL TERM
Topical term or geographic name as entry element Analytical chemistry
9 (RLIN) 4235
700 ## - ADDED ENTRY--PERSONAL NAME
Personal name Crowther, Jonathan B.
9 (RLIN) 5157
942 ## - ADDED ENTRY ELEMENTS (KOHA)
Source of classification or shelving scheme Other/Generic Classification Scheme
Koha item type Open Shelf
Holdings
Withdrawn status Lost status Source of classification or shelving scheme Damaged status Not for loan Home library Current library Date acquired Source of acquisition Inventory number Total Checkouts Full call number Barcode Date last seen Koha item type
    Other/Generic Classification Scheme     MUST Main Library MUST Main Library 02/06/2015   05/24865   QV 778 A11J 2000 2015-1728 02/06/2015 Open Shelf